[Event "Peterborough 4NCL Easter U2000 op"]
[Site "Peterborough"]
[Date "2024.04.01"]
[Round "7"]
[White "Krief, Tom"]
[Black "Hu, Junyan"]
[Result "1-0"]
[WhiteElo "1713"]
[BlackElo "1704"]
[PlyCount "75"]
[EventDate "2024.03.29"]
[EventType "swiss"]
[EventRounds "7"]
[EventCountry "ENG"]
[SourceTitle "CB14_2024"]
[SourceDate "2024.04.01"]
[SourceVersion "1"]
[SourceVersionDate "2024.04.01"]
[SourceQuality "1"]

1. e4 c5 2. Nc3 Nc6 3. Nf3 g6 4. d3 Bg7 5. Be3 Nd4 6. Be2 d6 7. Qd2 e6 8. 0-0-0 Ne7 9. Bh6 0-0 10. h4 Qb6 11. Bxg7 Kxg7 12. h5 Nxf3 13. Bxf3 Rh8 14. h6+ Kf8 15. Na4 Qd8 16. Qc3 Rg8 17. d4 b5 18. dxc5 d5 19. exd5 Nxd5 20. Bxd5 exd5 21. c6 bxa4 22. Qc5+ Qe7 23. Qxd5 Be6 24. Qf3 Rb8 25. Rhe1 Rc8 26. Kb1 f5 27. Re3 Qf7 28. a3 f4 29. Red3 Qf6 30. Rd6 Rb8 31. c3 Bf5+ 32. Ka1 Qe7 33. Qxf4 Qe2 34. Rf6+ Ke7 35. Qd6+ Ke8 36. Qxb8+ Ke7 37. Qd6+ Ke8 38. Qd8# 1-0

[Event "Peterborough 4NCL Easter U2000 op"]
[Site "Peterborough"]
[Date "2024.04.01"]
[Round "6"]
[White "Meredith, Daniel"]
[Black "Hu, Junyan"]
[Result "1-0"]
[WhiteElo "1670"]
[BlackElo "1704"]
[PlyCount "129"]
[EventDate "2024.03.29"]
[EventType "swiss"]
[EventRounds "7"]
[EventCountry "ENG"]
[SourceTitle "CB14_2024"]
[SourceDate "2024.04.01"]
[SourceVersion "1"]
[SourceVersionDate "2024.04.01"]
[SourceQuality "1"]

1. e4 c5 2. d4 cxd4 3. c3 dxc3 4. Nxc3 Nc6 5. Nf3 d6 6. Bc4 Nf6 7. e5 Ng4 8. Bf4 Qb6 9. Qe2 dxe5 10. Bxe5 Qa5 11. Bf4 e6 12. 0-0 Bc5 13. Nb5 0-0 14. Nc7 Rb8 15. Nxe6 Re8 16. Bxb8 Nxb8 17. Nfg5 Nxf2 18. Rxf2 Bxe6 19. Nxe6 Bxf2+ 20. Qxf2 fxe6 21. Re1 Qb4 22. Bb3 Nc6 23. Rxe6 Rxe6 24. Bxe6+ Kh8 25. Bb3 Ne5 26. Qe3 Qa5 27. Qc3 Qxc3 28. bxc3 g6 29. Kf2 Kg7 30. h3 Kf6 31. Ke3 Nc6 32. Ke4 Ne7 33. g4 g5 34. Kd4 b6 35. c4 Ng6 36. c5 bxc5+ 37. Kxc5 Nf4 38. Kb5 Nxh3 39. Bd1 Nf2 40. Be2 Ke5 41. Ka6 Kf4 42. Kxa7 Nxg4 43. a4 h5 44. a5 h4 45. Bb5 h3 46. a6 Ne5 47. Bf1 h2 48. Bg2 Nd7 49. Ka8 Kg3 50. Bh1 Kh3 51. a7 g4 52. Kb7 g3 53. a8Q g2 54. Qh8+ Kg3 55. Qg7+ Kf2 56. Qxg2+ Ke3 57. Qh3+ Kf4 58. Qxd7 Kg3 59. Qd3+ Kh4 60. Qg6 Kh3 61. Kc6 Kh4 62. Kd5 Kh3 63. Ke4 Kh4 64. Kf3 Kh3 65. Qg3# 1-0

[Event "British Rapidplay"]
[Site "Peterborough"]
[Date "2024.03.02"]
[Round "2"]
[White "Hu, Junyan"]
[Black "Ganti, Shriaansh"]
[Result "0-1"]
[WhiteElo "1704"]
[BlackElo "1780"]
[PlyCount "56"]
[EventDate "2024.03.02"]
[EventType "swiss (rapid)"]
[EventRounds "11"]
[EventCountry "ENG"]
[SourceTitle "CB10_2024"]
[SourceDate "2024.03.06"]
[SourceVersion "1"]
[SourceVersionDate "2024.03.06"]
[SourceQuality "1"]

1. e4 c5 2. Nf3 Nc6 3. d4 cxd4 4. Nxd4 Nf6 5. Nc3 e5 6. Ndb5 d6 7. Bg5 a6 8. Na3 b5 9. Nd5 Be7 10. Bxf6 Bxf6 11. c3 0-0 12. Nc2 Be6 13. Nce3 Rc8 14. Be2 Re8 15. 0-0 Bg5 16. Bf3 Rb8 17. g3 b4 18. Qe2 bxc3 19. bxc3 Bxe3 20. Nxe3 Qa5 21. Rfc1 h6 22. Bg2 Rec8 23. Qd2 Qc5 24. Bf1 Rb6 25. h4 Rcb8 26. Nd1 a5 27. Qc2 d5 28. Rab1 d4 0-1

[Event "Witney op-B 10th"]
[Site "Witney"]
[Date "2023.11.04"]
[Round "3"]
[White "George, Richard M"]
[Black "Hu, Junyan"]
[Result "0-1"]
[WhiteElo "1900"]
[BlackElo "1398"]
[PlyCount "46"]
[EventDate "2023.11.04"]
[EventType "swiss"]
[EventRounds "5"]
[EventCountry "ENG"]
[SourceTitle "CB46_2023"]
[SourceDate "2023.11.15"]
[SourceVersion "1"]
[SourceVersionDate "2023.11.15"]
[SourceQuality "1"]

1. d4 Nf6 2. Bg5 e6 3. e4 Be7 4. Nc3 h6 5. Bxf6 Bxf6 6. Nf3 d6 7. e5 dxe5 8. dxe5 Qxd1+ 9. Rxd1 Be7 10. g3 a6 11. Bg2 Nd7 12. 0-0 Rb8 13. Rfe1 0-0 14. Re2 Nb6 15. Ne4 Bd7 16. c4 Bc6 17. b3 Rfd8 18. Nd4 Bxe4 19. Bxe4 c5 20. Red2 cxd4 21. Rxd4 Rxd4 22. Rxd4 Kf8 23. f4 Bc5 0-1

[Event "Berkshire Berks & Bucks op-C"]
[Site "Berkshire"]
[Date "2023.08.28"]
[Round "5"]
[White "Hu, Junyan"]
[Black "Konara, Nuvee"]
[Result "1-0"]
[WhiteElo "1262"]
[BlackElo "1245"]
[PlyCount "55"]
[EventDate "2023.08.26"]
[EventType "swiss"]
[EventRounds "6"]
[EventCountry "ENG"]
[SourceTitle "EXT 2024"]
[Source "ChessBase"]
[SourceDate "2023.10.10"]
[SourceVersion "1"]
[SourceVersionDate "2023.10.10"]
[SourceQuality "1"]

1. e4 e5 2. Nf3 Nc6 3. Bb5 Bc5 4. c3 d6 5. d4 exd4 6. cxd4 Bb4+ 7. Bd2 Bxd2+ 8. Nbxd2 Bd7 9. Bxc6 Bxc6 10. d5 Bd7 11. h3 Nf6 12. 0-0 0-0 13. Re1 Qc8 14. Kh2 Nh5 15. Qc2 Nf4 16. h4 Bh3 17. g3 Qg4 18. Ng1 g5 19. f3 Qh5 20. gxf4 Bc8 21. fxg5 Qxh4+ 22. Kg2 Qxg5+ 23. Kf2 f5 24. Qc3 fxe4 25. Nxe4 Qxd5 26. Nf6+ Rxf6 27. Qxf6 Qd2+ 28. Kg3 1-0